Vista normal
Vista MARC
- CONTROL DE FLUJO
Entrada Topical Term
Número de registros utilizados en: 7
001 - CONTROL NUMBER
- control field: 12235
003 - CONTROL NUMBER IDENTIFIER
- control field: OSt
005 - DATE AND TIME OF LATEST TRANSACTION
- control field: 20160719153033.0
008 - FIXED-LENGTH DATA ELEMENTS
- fixed length control field: 160719|| aca||aabn | a|a d
040 ## - CATALOGING SOURCE
- Original cataloging agency: OSt
- Transcribing agency: OSt
150 ## - HEADING--TOPICAL TERM
- Topical term or geographic name entry element: CONTROL DE FLUJO
670 ## - SOURCE DATA FOUND
- Source citation: Work cat.: (OSt)4873: Mackenzie, Duncan 12233, Aprendiendo Visual Basic.NET, 2003